LEADER 01586nlm 2200301Ia 450 001 996471471903316 005 20220516120232.0 010 $a0-262-06113-9 100 $a20160920d1988---- uy 0 101 0 $aeng 102 $aUS 135 $adrcnu 200 1 $aFlorentine new towns$eurban design in the late Middle Ages$fDavid Friedman 210 1 $aNew York$cArchitectural History Foundation$aCambridge$aLondon$cThe MIT Press$d1988 215 $aTesto elettronico (PDF) (X, 373 p.)$cill. 225 2 $aArchitectural History Foundation books$v12 230 $aBase dati testuale 330 $aIl volume è uno studio originale e completo di un importante episodio dell'urbanistica tardomedievale. Sulla base di testimonianze archivistiche sconosciute ad altri centri di fondazione medievale, Friedman dimostra che i nuovi centri toscani di San Giovanni, Castelfranco di Sopra, Terranuova, Scarperia e Firenzuola furono creati da uomini riconosciuti come designer professionisti dalla Firenze del XIV secolo. Nel periodo che va dal 1299 al 1350, emerse un nuovo ideale urbano, sottolinea Friedman, che a Firenze si realizzò solo in parte ma che trovò la sua massima espressione negli schemi complessivi dei progettisti di queste nuove città. 410 0$aArchitectural History Foundation books$v12 606 0 $aUrbanistica$yToscana$zSec. 14.$2BNCF 676 $a711.4094551 700 1$aFRIEDMAN,$bDavid$0525927 801 0$aIT$bcba$cREICAT 912 $a996471471903316 959 $aEB 969 $aER 996 $aFlorentine new towns$92838431 997 $aUNISA LEADER 01185cam a2200277 a 4500 001 991004125659707536 008 090202s1994 ne a b 100 0 eng 020 $a0792327322 035 $ab13806804-39ule_inst 040 $aSet. Economia - SEMS$bita 082 00$a550.113$220 111 2 $aGeostatistical Simulation Workshop$d(1993 :$cFontainebleau, France)$0629664 245 10$aGeostatistical simulations :$bproceedings of the Geostatistical Simulation Workshop, Fontainebleau, France, 27-28 May 1993 /$cedited by M. Armstrong and P.A. Dowd 260 $aDordrecht ;$aBoston :$bKluwer Academic Publishers,$cc1994 300 $axi, 255 p. :$bill. ;$c25 cm 440 0$aQuantitative geology and geostatistics ;$v7 504 $aInclude bibliografia 650 4$aGeologia$xMetodi statistici$vCongressi 700 1 $aArmstrong, M. 700 1 $aDowd, P. A. 907 $a.b13806804$b28-01-14$c02-02-09 912 $a991004125659707536 945 $aLE025 ECO 550 ARM01.01$g1$i2025000248939$lle025$o-$pE0.00$q-$rl$s- $t0$u1$v0$w1$x0$y.i14924717$z02-02-09 996 $aGeostatistical simulations$91226142 997 $aUNISALENTO 998 $ale025$b02-02-09$cm$da $e-$feng$gne $h0$i0